<?xml version="1.0" encoding="UTF-8"?>
<record
    xmlns:xsi="http://www.w3.org/2001/XMLSchema-instance"
    xsi:schemaLocation="http://www.loc.gov/MARC21/slim http://www.loc.gov/standards/marcxml/schema/MARC21slim.xsd"
    xmlns="http://www.loc.gov/MARC21/slim">

  <leader>00753nam a2200253 a 4500</leader>
  <controlfield tag="001">11873</controlfield>
  <controlfield tag="003">BD-RjUL</controlfield>
  <controlfield tag="005">20211208235209.0</controlfield>
  <controlfield tag="008">170520r19711966nyua     b    001 0 eng</controlfield>
  <datafield tag="020" ind1=" " ind2=" ">
    <subfield code="a">0060441720</subfield>
  </datafield>
  <datafield tag="035" ind1=" " ind2=" ">
    <subfield code="a">(BD-RjUL)11922</subfield>
  </datafield>
  <datafield tag="040" ind1=" " ind2=" ">
    <subfield code="a">DLC</subfield>
    <subfield code="c">DLC</subfield>
    <subfield code="d">m.c</subfield>
    <subfield code="d">OCL</subfield>
    <subfield code="d">MCL</subfield>
    <subfield code="d">BD-RjUL</subfield>
    <subfield code="b">eng</subfield>
  </datafield>
  <datafield tag="041" ind1=" " ind2=" ">
    <subfield code="a">eng</subfield>
  </datafield>
  <datafield tag="082" ind1=" " ind2=" ">
    <subfield code="2">23</subfield>
    <subfield code="a">572 </subfield>
    <subfield code="b">MAB 1971</subfield>
  </datafield>
  <datafield tag="100" ind1="1" ind2=" ">
    <subfield code="a">Mahler, Henry R.</subfield>
    <subfield code="9">36791</subfield>
  </datafield>
  <datafield tag="245" ind1="1" ind2="0">
    <subfield code="a">Biological chemistry /</subfield>
    <subfield code="c">Henry R. Mahler Eugene H. Cordes</subfield>
  </datafield>
  <datafield tag="250" ind1=" " ind2=" ">
    <subfield code="a">2nd ed.</subfield>
  </datafield>
  <datafield tag="260" ind1=" " ind2=" ">
    <subfield code="a">New York :</subfield>
    <subfield code="b">Harper &amp; Row,</subfield>
    <subfield code="c">1966 [reprinted 1971]</subfield>
  </datafield>
  <datafield tag="300" ind1=" " ind2=" ">
    <subfield code="a">xiv, 1009 p. :</subfield>
    <subfield code="b">ill. ;</subfield>
    <subfield code="c">27 cm</subfield>
  </datafield>
  <datafield tag="504" ind1=" " ind2=" ">
    <subfield code="a">Includes bibliographical references and index.</subfield>
  </datafield>
  <datafield tag="650" ind1=" " ind2="0">
    <subfield code="a">Biochemistry.</subfield>
    <subfield code="9">36792</subfield>
  </datafield>
  <datafield tag="700" ind1="1" ind2=" ">
    <subfield code="a">Cordes, Eugene H.</subfield>
    <subfield code="9">36793</subfield>
  </datafield>
  <datafield tag="942" ind1=" " ind2=" ">
    <subfield code="2">ddc</subfield>
    <subfield code="c">BK</subfield>
  </datafield>
  <datafield tag="999" ind1=" " ind2=" ">
    <subfield code="c">11873</subfield>
    <subfield code="d">11873</subfield>
  </datafield>
  <datafield tag="952" ind1=" " ind2=" ">
    <subfield code="0">0</subfield>
    <subfield code="1">0</subfield>
    <subfield code="2">ddc</subfield>
    <subfield code="4">0</subfield>
    <subfield code="7">0</subfield>
    <subfield code="8">NFIC</subfield>
    <subfield code="a">RUCL</subfield>
    <subfield code="b">RUCL</subfield>
    <subfield code="c">Stack</subfield>
    <subfield code="d">1973-12-06</subfield>
    <subfield code="e">U.S.GOVT Gift</subfield>
    <subfield code="g">0.00</subfield>
    <subfield code="l">0</subfield>
    <subfield code="o">572 MAB 1971</subfield>
    <subfield code="r">2014-01-27 00:00:00</subfield>
    <subfield code="t">C-2</subfield>
    <subfield code="w">2021-12-08</subfield>
    <subfield code="y">BK</subfield>
  </datafield>
  <datafield tag="952" ind1=" " ind2=" ">
    <subfield code="0">0</subfield>
    <subfield code="1">0</subfield>
    <subfield code="2">ddc</subfield>
    <subfield code="4">0</subfield>
    <subfield code="7">1</subfield>
    <subfield code="8">NFIC</subfield>
    <subfield code="a">RUCL</subfield>
    <subfield code="b">RUCL</subfield>
    <subfield code="c">Reading</subfield>
    <subfield code="d">1973-12-06</subfield>
    <subfield code="e">US Govt.</subfield>
    <subfield code="g">0.00</subfield>
    <subfield code="l">0</subfield>
    <subfield code="o">572 MAB 1971</subfield>
    <subfield code="r">2014-02-01 00:00:00</subfield>
    <subfield code="t">C-1</subfield>
    <subfield code="w">2021-12-08</subfield>
    <subfield code="y">BK</subfield>
  </datafield>
  <datafield tag="952" ind1=" " ind2=" ">
    <subfield code="0">0</subfield>
    <subfield code="1">0</subfield>
    <subfield code="2">ddc</subfield>
    <subfield code="4">0</subfield>
    <subfield code="7">0</subfield>
    <subfield code="8">NFIC</subfield>
    <subfield code="a">RUCL</subfield>
    <subfield code="b">RUCL</subfield>
    <subfield code="c">Stack</subfield>
    <subfield code="d">1977-04-09</subfield>
    <subfield code="e">Heffors</subfield>
    <subfield code="g">7.95</subfield>
    <subfield code="l">0</subfield>
    <subfield code="o">572  MAB 1971</subfield>
    <subfield code="r">2017-05-20 00:00:00</subfield>
    <subfield code="t">C-3</subfield>
    <subfield code="w">2017-05-20</subfield>
    <subfield code="y">BK</subfield>
  </datafield>
  <datafield tag="952" ind1=" " ind2=" ">
    <subfield code="0">0</subfield>
    <subfield code="1">0</subfield>
    <subfield code="2">ddc</subfield>
    <subfield code="4">0</subfield>
    <subfield code="7">0</subfield>
    <subfield code="8">NFIC</subfield>
    <subfield code="a">RUCL</subfield>
    <subfield code="b">RUCL</subfield>
    <subfield code="c">Stack</subfield>
    <subfield code="d">1977-04-09</subfield>
    <subfield code="e">Heffors</subfield>
    <subfield code="g">7.95</subfield>
    <subfield code="l">0</subfield>
    <subfield code="o">572  MAB 1971</subfield>
    <subfield code="r">2017-05-20 00:00:00</subfield>
    <subfield code="t">C-4</subfield>
    <subfield code="w">2017-05-20</subfield>
    <subfield code="y">BK</subfield>
  </datafield>
  <datafield tag="952" ind1=" " ind2=" ">
    <subfield code="0">0</subfield>
    <subfield code="1">0</subfield>
    <subfield code="2">ddc</subfield>
    <subfield code="4">0</subfield>
    <subfield code="7">0</subfield>
    <subfield code="8">NFIC</subfield>
    <subfield code="a">RUCL</subfield>
    <subfield code="b">RUCL</subfield>
    <subfield code="c">Stack</subfield>
    <subfield code="d">1977-04-09</subfield>
    <subfield code="e">Heffors</subfield>
    <subfield code="g">7.95</subfield>
    <subfield code="l">0</subfield>
    <subfield code="o">572  MAB 1971</subfield>
    <subfield code="r">2017-05-20 00:00:00</subfield>
    <subfield code="t">C-5</subfield>
    <subfield code="w">2017-05-20</subfield>
    <subfield code="y">BK</subfield>
  </datafield>
  <datafield tag="952" ind1=" " ind2=" ">
    <subfield code="0">0</subfield>
    <subfield code="1">0</subfield>
    <subfield code="2">ddc</subfield>
    <subfield code="4">0</subfield>
    <subfield code="7">0</subfield>
    <subfield code="8">NFIC</subfield>
    <subfield code="a">RUCL</subfield>
    <subfield code="b">RUCL</subfield>
    <subfield code="c">Stack</subfield>
    <subfield code="d">1977-04-09</subfield>
    <subfield code="e">Heffors</subfield>
    <subfield code="g">7.95</subfield>
    <subfield code="l">0</subfield>
    <subfield code="o">572  MAB 1971</subfield>
    <subfield code="r">2017-05-20 00:00:00</subfield>
    <subfield code="t">C-6</subfield>
    <subfield code="w">2017-05-20</subfield>
    <subfield code="y">BK</subfield>
  </datafield>
  <datafield tag="952" ind1=" " ind2=" ">
    <subfield code="0">0</subfield>
    <subfield code="1">0</subfield>
    <subfield code="2">ddc</subfield>
    <subfield code="4">0</subfield>
    <subfield code="7">0</subfield>
    <subfield code="8">NFIC</subfield>
    <subfield code="a">RUCL</subfield>
    <subfield code="b">RUCL</subfield>
    <subfield code="c">Stack</subfield>
    <subfield code="d">1977-04-09</subfield>
    <subfield code="e">Heffors</subfield>
    <subfield code="g">7.95</subfield>
    <subfield code="l">0</subfield>
    <subfield code="o">572  MAB 1971</subfield>
    <subfield code="r">2017-05-20 00:00:00</subfield>
    <subfield code="t">C-7</subfield>
    <subfield code="w">2017-05-20</subfield>
    <subfield code="y">BK</subfield>
  </datafield>
  <datafield tag="952" ind1=" " ind2=" ">
    <subfield code="0">0</subfield>
    <subfield code="1">0</subfield>
    <subfield code="2">ddc</subfield>
    <subfield code="4">0</subfield>
    <subfield code="7">0</subfield>
    <subfield code="8">NFIC</subfield>
    <subfield code="a">RUCL</subfield>
    <subfield code="b">RUCL</subfield>
    <subfield code="c">Stack</subfield>
    <subfield code="d">1977-04-09</subfield>
    <subfield code="e">Heffors</subfield>
    <subfield code="g">7.95</subfield>
    <subfield code="l">0</subfield>
    <subfield code="o">572  MAB 1971</subfield>
    <subfield code="r">2017-05-20 00:00:00</subfield>
    <subfield code="t">C-8</subfield>
    <subfield code="w">2017-05-20</subfield>
    <subfield code="y">BK</subfield>
  </datafield>
  <datafield tag="952" ind1=" " ind2=" ">
    <subfield code="0">0</subfield>
    <subfield code="1">0</subfield>
    <subfield code="2">ddc</subfield>
    <subfield code="4">0</subfield>
    <subfield code="7">0</subfield>
    <subfield code="8">NFIC</subfield>
    <subfield code="a">RUCL</subfield>
    <subfield code="b">RUCL</subfield>
    <subfield code="c">Stack</subfield>
    <subfield code="d">1977-04-09</subfield>
    <subfield code="e">Heffors</subfield>
    <subfield code="g">7.95</subfield>
    <subfield code="l">0</subfield>
    <subfield code="o">572  MAB 1971</subfield>
    <subfield code="r">2017-05-20 00:00:00</subfield>
    <subfield code="t">C-9</subfield>
    <subfield code="w">2017-05-20</subfield>
    <subfield code="y">BK</subfield>
  </datafield>
  <datafield tag="952" ind1=" " ind2=" ">
    <subfield code="0">0</subfield>
    <subfield code="1">0</subfield>
    <subfield code="2">ddc</subfield>
    <subfield code="4">0</subfield>
    <subfield code="7">0</subfield>
    <subfield code="8">NFIC</subfield>
    <subfield code="a">RUCL</subfield>
    <subfield code="b">RUCL</subfield>
    <subfield code="c">Stack</subfield>
    <subfield code="d">1977-04-09</subfield>
    <subfield code="e">Heffors</subfield>
    <subfield code="g">7.95</subfield>
    <subfield code="l">0</subfield>
    <subfield code="o">572  MAB 1971</subfield>
    <subfield code="r">2017-05-20 00:00:00</subfield>
    <subfield code="t">C-10</subfield>
    <subfield code="w">2017-05-20</subfield>
    <subfield code="y">BK</subfield>
  </datafield>
  <datafield tag="952" ind1=" " ind2=" ">
    <subfield code="0">0</subfield>
    <subfield code="1">0</subfield>
    <subfield code="2">ddc</subfield>
    <subfield code="4">0</subfield>
    <subfield code="7">0</subfield>
    <subfield code="8">NFIC</subfield>
    <subfield code="a">RUCL</subfield>
    <subfield code="b">RUCL</subfield>
    <subfield code="c">Stack</subfield>
    <subfield code="d">1977-04-09</subfield>
    <subfield code="e">Heffers</subfield>
    <subfield code="g">7.95</subfield>
    <subfield code="l">0</subfield>
    <subfield code="o">572  MAB 1971</subfield>
    <subfield code="r">2019-01-23 00:00:00</subfield>
    <subfield code="t">C-11</subfield>
    <subfield code="w">2019-01-23</subfield>
    <subfield code="y">BK</subfield>
  </datafield>
  <datafield tag="952" ind1=" " ind2=" ">
    <subfield code="0">0</subfield>
    <subfield code="1">0</subfield>
    <subfield code="2">ddc</subfield>
    <subfield code="4">0</subfield>
    <subfield code="7">0</subfield>
    <subfield code="8">NFIC</subfield>
    <subfield code="a">RUCL</subfield>
    <subfield code="b">RUCL</subfield>
    <subfield code="c">Stack</subfield>
    <subfield code="d">1975-06-06</subfield>
    <subfield code="e">Janathan ware &amp; co.</subfield>
    <subfield code="g">5.30</subfield>
    <subfield code="l">0</subfield>
    <subfield code="o">572  MAB 1971</subfield>
    <subfield code="r">2019-01-24 00:00:00</subfield>
    <subfield code="t">C-12</subfield>
    <subfield code="w">2019-01-24</subfield>
    <subfield code="y">BK</subfield>
  </datafield>
  <datafield tag="952" ind1=" " ind2=" ">
    <subfield code="0">0</subfield>
    <subfield code="1">0</subfield>
    <subfield code="2">ddc</subfield>
    <subfield code="4">0</subfield>
    <subfield code="7">0</subfield>
    <subfield code="8">NFIC</subfield>
    <subfield code="a">RUCL</subfield>
    <subfield code="b">RUCL</subfield>
    <subfield code="c">Stack</subfield>
    <subfield code="d">1973-12-06</subfield>
    <subfield code="e">U.S. govt</subfield>
    <subfield code="l">0</subfield>
    <subfield code="o">572  MAB 1971</subfield>
    <subfield code="r">2020-12-13 00:00:00</subfield>
    <subfield code="t">C-13</subfield>
    <subfield code="w">2020-12-13</subfield>
    <subfield code="y">BK</subfield>
  </datafield>
</record>
